000 00318nam a2200133Ia 4500
008 231129s1967||||xx |||||||||||||| ||spa||
040 _bspa
082 _aCo863 H867a
100 _aHoyos de Montoya Clemencia
245 0 _aAyer Clemencia Hoyos de Montoya
260 _c1967
264 _aSalesiana
942 _2ddc
_cBKS
999 _c5977
_d5977